Normal view MARC view
  • Waterworks

Entry Topical Term

Number of records used in: 7

001 - CONTROL NUMBER

  • control field: 6232

003 - CONTROL NUMBER IDENTIFIER

  • control field: NUST

005 - DATE AND TIME OF LATEST TRANSACTION

  • control field: 20171109100129.0

008 - FIXED-LENGTH DATA ELEMENTS

  • fixed length control field: 171109|| aca||aabn | a|a d

040 ## - CATALOGING SOURCE

  • Original cataloging agency: NUST
  • Transcribing agency: NUST

150 ## - HEADING--TOPICAL TERM

  • Topical term or geographic name entry element: Waterworks
  • General subdivision: Data processing.

670 ## - SOURCE DATA FOUND

  • Source citation: Work cat.: (NUST)0: Shamsi, U. M. (Uzair M.) 6231, GIS tools for water, wastewater, and stormwater systems /, c2002.
© 2023 Central Library, National University of Sciences and Technology. All Rights Reserved.